000 00477nam a2200157 i 4500
001 40687
003 ES-MaACL
005 20230906160305.0
007 t|
008 030306s1905 cu ||||1| spa d
100 1 _aCarrera y Justiz, Francisco.
_935647
245 1 0 _aIntroducción a la historia de las instituciones locales de Cuba /
_cFrancesco Carrero y Justiz.
260 _aHabana :
_bLa Moderna Poesia,
_c1905.
300 _a2 v. ;
_c22 cm.
852 _aES-MaACL
_jB-641-642
999 _c40687
_d40687